| 000 | 01152nam a2200301Ia 4500 | ||
|---|---|---|---|
| 001 | ebr10265746 | ||
| 003 | CaPaEBR | ||
| 006 | m u | ||
| 007 | cr cn||||||||| | ||
| 008 | 010503s2001 nyu s 001 0 eng d | ||
| 010 | _z 2001033646 | ||
| 020 | _z9780815514817 | ||
| 020 | _z0815514816 (alk. paper) | ||
| 040 |
_aCaPaEBR _cCaPaEBR |
||
| 035 | _a(OCoLC)51209054 | ||
| 050 | 1 | 4 |
_aT10.8 _b.A44 2001eb |
| 100 | 1 |
_aAment, Kurt, _d1960- |
|
| 245 | 1 | 0 |
_aIndexing _h[electronic resource] : _ba nuts-and-bolts guide for technical writers / _cKurt Ament. |
| 260 |
_aNorwich, N.Y. : _bWilliam Andrew Pub., _cc2001. |
||
| 300 | _ax, 97 p. | ||
| 500 | _aIncludes index. | ||
| 533 |
_aElectronic reproduction. _bPalo Alto, Calif. : _cebrary, _d2009. _nAvailable via World Wide Web. _nAccess may be limited to ebrary affiliated libraries. |
||
| 650 | 0 |
_aTechnology _xAbstracting and indexing. |
|
| 650 | 0 |
_aScience _xAbstracting and indexing. |
|
| 655 | 7 |
_aElectronic books. _2local |
|
| 710 | 2 | _aebrary, Inc. | |
| 856 | 4 | 0 |
_uhttp://site.ebrary.com/lib/rucke/Doc?id=10265746 _zAn electronic book accessible through the World Wide Web; click to view |
| 999 |
_c25340 _d25340 |
||